000 00886nam0a22002531 4500
001 RU\NLR\INFOCOMM_253\5000053343
005 20250613101111.0
035 _a(NLR Aleph) 009372101
090 _a7928614
_c7928614
100 _a20101218d1927 |||y0rusy50 ca
101 0 _ager
102 _aRU
105 _aa ||||000|y
200 1 _aˆ...‰ Erste Hilfe bei plötzlichen Erkrankungen und Unglücksfällen
_fW. Gorbow
210 _aMoskau
_cZentralverlag der Völker der Sowjet-Union
_d1927
215 _a34, [1] с.
_cил.
_d18 см
300 _aНа 4-й с. обл.: В. Горбов. Первая помощь при внезапных заболеваниях
700 1 _9z01790
_aGorbov
_bV. A.
_gVsevolod Aleksandrovič
_4070
790 1 _9z01700
_aGorbow
_bW.
_4070
801 1 _aRU
_bNLR
_c20101218
801 0 _aRU
_bNLR
_gPSBO
852 _aNLR
_jЕ-8/1447
942 _cBOOK
980 _aNB